000 00225nam a2200097Ia 4500
008 240331s9999 xx 000 0 und d
082 _bNIC
100 _aNicoll, B
245 4 _aThe house of the seven gables :
_bnotes
942 _cL
999 _c3189
_d3189